Vietnam war - Statistics

General Stats
  • This quiz has been taken 473 times
  • The average score is 5 of 11
Answer Stats
Hint Answer % Correct
The year of the Gulf of Tonkin Incident 1964
77%
The idea that if vietnam fell to communism, other Southern Asian countries would Domino theory
77%
When did the My Lai massacre occur? 1968
72%
What Vietnamese celebration was going on when the NVA and Vietcong attacked south Vietnam? Tet
64%
The president who 'did' the most in Vietnam Johnson
59%
The type of American bomber used in opt rolling thunder B52
38%
When did the Fulbright hearings occur? 1971
36%
What was the biggest university protest? Kent State university protest
35%
The tatic the vietcong used Guerrilla warfare
18%
The US response to the gulf of Tonkin incident Operation rolling thunder
6%
who is a midget? James
2%
No matching quizzes found
Score Distribution
Percent of People with Each Score
Percentile by Number Answered
Your Score History
You have not taken this quiz